000 00608nam a22001817a 4500
003 UA-OsUOA
001 20027
007 ta
008 20041016b un ||||| |||| 00| 0 ukr d
100 _aБорисюк Т.
942 _cSA
040 _aUA-OsUOA
_cUA-OsUOA
_dUA-OsUOA
245 _aЯк досягти успіху?
_b[Про тенденції розв. Рівнен. Бізнес-довідки, яка відзначає 10-річний ювілей]
300 _aС.7
955 _a0
773 0 _w0
_tСім днів
_dРівне
_d2004
_g№40/1 жовт./
650 7 _aБізнес-довідка
_2UDC
999 _c306200
_d306200